|
|
|
|
| LEADER |
00000nam0a2200000 4500 |
| 001 |
128428 |
| 005 |
20231101220120.0 |
| 035 |
|
|
|a (RuTPU)RU\TPU\book\138926
|
| 090 |
|
|
|a 128428
|
| 100 |
|
|
|a 20071227d2007 km y0rusy50 ca
|
| 101 |
0 |
|
|a rus
|
| 102 |
|
|
|a RU
|
| 105 |
|
|
|a a z 000zy
|
| 200 |
1 |
|
|a Экономический оборот интеллектуальной собственности
|e Правовые аспекты. Налогообложение и бухгалтерский учет в соответствии с Главой IV Гражданского Кодекса Российской Федерации, вступающей в силу с 1 января 2008 года
|f И. Ю. Беликова
|g Ассоциация менеджеров инновационной сферы предпринимательства регионов Сибири и Дальнего Востока
|
| 210 |
|
|
|a Томск
|c Квартал
|d 2007
|
| 215 |
|
|
|a 144 с.
|c ил.
|
| 606 |
1 |
|
|a Авторское право
|2 stltpush
|3 (RuTPU)RU\TPU\subj\1355
|9 30139
|
| 610 |
1 |
|
|a право
|
| 610 |
1 |
|
|a интеллектуальная собственность
|
| 610 |
1 |
|
|a экономика
|
| 610 |
1 |
|
|a налогообложение
|
| 610 |
1 |
|
|a бухгалтерский учет
|
| 610 |
1 |
|
|a экономический оборот
|
| 610 |
1 |
|
|a товарные знаки
|
| 610 |
1 |
|
|a ноу-хау
|
| 610 |
1 |
|
|a нематериальные активы
|
| 610 |
1 |
|
|a договоры
|
| 610 |
1 |
|
|a налоговый учет
|
| 610 |
1 |
|
|a амортизация
|
| 610 |
1 |
|
|a бухгалтерские регистры
|
| 610 |
1 |
|
|a примеры
|
| 675 |
|
|
|a 657.22
|v 3
|
| 686 |
|
|
|a Х623.3
|v LBC/SL-A
|2 rubbk
|
| 700 |
|
1 |
|a Беликова
|b И. Ю.
|g Ирина Ю.
|
| 712 |
0 |
2 |
|a Ассоциация менеджеров инновационной сферы придпринимательства регионов Сибири и Дальнего Востока
|2 stltpush
|3 (RuTPU)RU\TPU\col\12582
|9 25456
|
| 801 |
|
1 |
|a RU
|b 63413507
|c 20071227
|g PSBO
|
| 801 |
|
2 |
|a RU
|b 63413507
|c 20200821
|g PSBO
|
| 942 |
|
|
|c BK
|